00609cam a2200193 450000100060000000300080000600500170001400800390003103500190007004000270008904100080011608200260012424500960015026000420024630000260028865000310031465100490034570000210039422845BD-RjUL20211209000848.0140309s1967 at 000 1 eng a(BD-RjUL)22910 aDLCcDLCdBD-RjULbeng aeng00a823.0108355bSHO 196710aShort stories of Australia :bthe moderns /cchosen with an introduction by Beatrice Davis. aSydney :bAngus and Robertson,c1967. axiv, 305 p. ;c23 cm. 0aShort stories, Australian. 0aAustraliaxSocial life and customsxFiction.1 aDavis, Beatrice.